INFORME FINAL DEL EJERCICIO PROFESIONAL SUPERVISADO, REALIZADO EN LA SUBDIVISIÓN DE ASESORÍA TÉCNICA Y DE COMERCIALIZACIÓN DE ALIMENTOS PARA ANIMALES, S.A. PARA LOS DEPARTAMENTOS DE ALTA VERAPAZ, BAJA VERAPAZ Y EL PETÉN. (Registro nro. 2297)
[ vista simple ]
| 000 -LEADER | |
|---|---|
| campo de control de longitud fija | 02601nam a22003257a 4500 |
| 001 - NÚMERO DE CONTROL | |
| campo de control | TZ 0042 |
| 003 - IDENTIFICADOR DE NÚMERO DE CONTROL | |
| campo de control | gtcocun |
| 005 - FECHA Y HORA DE LA ÚLTIMA TRANSACCIÓN | |
| campo de control | 20251008184802.0 |
| 006 - CÓDIGOS DE INFORMACIÓN DE LONGITUD FIJA--CARACTERÍSTICAS DEL MATERIAL ADICIONAL | |
| campo de control de longitud fija | a||||gr|||| 00| 0 |
| 007 - CAMPO FIJO DE DESCRIPCIÓN FÍSICA--INFORMACIÓN GENERAL | |
| campo de control de longitud fija | ta |
| 008 - DATOS DE LONGITUD FIJA--INFORMACIÓN GENERAL | |
| campo de control de longitud fija | 251008b2011 gt ||||| m||| 00| 0 eng d |
| 040 ## - FUENTE DE CATALOGACIÓN | |
| Centro catalogador/agencia de origen | gtcocun |
| Lengua de catalogación | SPA |
| Centro/agencia transcriptor | gtcocun |
| Normas de descripción | RDA |
| 041 ## - CÓDIGO DE IDIOMA | |
| Código de lengua del texto/banda sonora o título independiente | SPA TZ 0042 |
| 084 ## - OTRO NÚMERO DE CLASIFICACIÓN | |
| Número de control del registro de autoridad o número normalizado | TZ 0042 |
| 100 ## - ENTRADA PRINCIPAL--NOMBRE DE PERSONA | |
| Nombre de persona | Sierra González, Mario Alexander |
| Término indicativo de función/relación | Autor |
| 245 ## - MENCIÓN DEL TÍTULO | |
| Título | INFORME FINAL DEL EJERCICIO PROFESIONAL SUPERVISADO, REALIZADO EN LA SUBDIVISIÓN DE ASESORÍA TÉCNICA Y DE COMERCIALIZACIÓN DE ALIMENTOS PARA ANIMALES, S.A. PARA LOS DEPARTAMENTOS DE ALTA VERAPAZ, BAJA VERAPAZ Y EL PETÉN. |
| Mención de responsabilidad, etc. | Mario Alexander Sierra González. |
| Medio | Impreso |
| 264 ## - PRODUCCIÓN, PUBLICACIÓN, DISTRIBUCIÓN, FABRICACIÓN Y COPYRIGHT | |
| Producción, publicación, distribución, fabricación y copyright | Cobán, Alta Verapaz: |
| Nombre del de productor, editor, distribuidor, fabricante | Universidad de San Carlos de Guatemala, Centro Universitario del Norte, Zootecnia |
| Fecha de producción, publicación, distribución, fabricación o copyright | 2011 |
| 300 ## - DESCRIPCIÓN FÍSICA | |
| Extensión | 74 p.: |
| Otras características físicas | Ilustraciones, gráficas. |
| Dimensiones | 28 cm; |
| 336 ## - TIPO DE CONTENIDO | |
| Fuente | rdacontenido |
| Término de tipo de contenido | Texto |
| Código de tipo de contenido | txt |
| 337 ## - TIPO DE MEDIO | |
| Fuente | rdamedio |
| Nombre/término del tipo de medio | Computadora |
| Código del tipo de medio | n |
| 338 ## - TIPO DE SOPORTE | |
| Fuente | rdasoporte |
| Nombre/término del tipo de soporte | Código en línea |
| Código del tipo de soporte | cr |
| 502 ## - NOTA DE TESIS | |
| identificador de la tesis | TZ 0042 |
| 502 ## - NOTA DE TESIS | |
| Nota de tesis | Tesis de grado |
| Tipo de título | Zootecnia, |
| Nombre de la institución que otorga el título | Universidad de San Carlos de Guatemala, Centro Universitario del Norte, Zootecnia |
| Año de obtención del título | 2011 |
| Identificador de la tesis | TZ 0042 |
| 520 14 - RESUMEN, ETC. | |
| Sumario, etc. | La unidad de ejecución asignada para el ejercicio profesional supervisado fue la subdivisión de asesoría técnica y de comercialización,de la empresa Alimentos para Animales S.A., en los departamentos de Alta Verapaz, Baja Verapaz y Petén.<br/><br/>Dentro de las actividades desarrolladas se realizaron cinco charlas técnicas sobre el manejo de aves de engorde, 89 visitas técnicas a diferentes unidades productivas, tres talleres teórico-prácticos de manejo dirigidos a personal y propietarios de granjas, implementación de medidas básicas de<br/>bioseguridad en dos explotaciones y registros productivos en 13 granjas de pollo<br/>de engorde, dos jornadas de vacunación, un estudio de mercado en el municipio<br/>de San Pedro Carchá, Alta Verapaz, dos despiques de aves de postura y castración de un verraco.<br/><br/>Además de la evaluación del efecto de un alimento concentrado pre- iniciador en los parámetros productivos del pollo de engorde (Gallusgallus) y se obtuvo una conversión alimenticia de 1.94. |
| 650 ## - PUNTO DE ACCESO ADICIONAL DE MATERIA--TÉRMINO DE MATERIA | |
| Fuente del encabezamiento o término | LEMB |
| Término de materia o nombre geográfico como elemento de entrada | Alta Verapaz y Baja Verapaz y el Petén. |
| Subdivisión general | Zootecnia |
| -- | Granjas |
| -- | Comercialización |
| -- | Asesoría Técnica |
| -- | Vacunación |
| -- | Castración |
| 700 ## - ENTRADA AGREGADA--NOMBRE PERSONAL | |
| Nombre de persona | Lic. Zoot. Mauricio Arturo Quiroa Roldan |
| Término indicativo de función/relación | Asesor |
| 856 ## - LOCALIZACIÓN Y ACCESO ELECTRÓNICOS | |
| Identificador Uniforme de Recurso | <a href="https://drive.google.com/file/d/1dC-WKzik07H7BqJSa6OkDDbkgZ7JJmXX/view">https://drive.google.com/file/d/1dC-WKzik07H7BqJSa6OkDDbkgZ7JJmXX/view</a> |
| Texto de enlace | |
| Nota pública | Un ejemplar en línea. |
| 942 ## - ELEMENTOS DE ENTRADA SECUNDARIOS (KOHA) | |
| Fuente de la clasificación o esquema de estantería | Clasificación Decimal Dewey |
| Tipo de ítem Koha | TESIS |
| Parte de la signatura que identifica el ejemplar (Parte del ítem) | TZ 0042 |
| Prefijo de la signatura | Clasificación |
| Suprimir en OPAC | No |
| -- | TZ_0042_000000000000000 |
| Estatus retirado | Estado de pérdida | Fuente de la clasificación o esquema de estantería | Estado de daño | No para préstamo | Colección | Biblioteca de origen | Biblioteca actual | Ubicación en estantería | Fecha de adquisición | Número de inventario | Total de préstamos | Signatura topográfica completa | Código de barras | Visto por última vez | Precio de reemplazo | Tipo de ítem Koha |
|---|---|---|---|---|---|---|---|---|---|---|---|---|---|---|---|---|
| Clasificación Decimal Dewey | tesis | BIBLIOTECA- CUNOR -JOSÉ LUIS GONZALES ROSALES | BIBLIOTECA- CUNOR -JOSÉ LUIS GONZALES ROSALES | Colección tesis | 16/09/2025 | TZ 0042 | TZ 0042 | TZ 0042 | 16/09/2025 | 16/09/2025 | TESIS |